000 00611nam a22002177a 4500
005 20150119133535.0
008 150119b xxu||||| |||| 00| 0 eng d
020 _a9780001061873
_c83.00
040 _aLoreto College
041 _aEnglish
082 _a170
_bPER
100 _aPereira, Celine
245 _aWe are the world 5
_bTeacher's edition
_cCeline Pereira, Freda Soans and edited by Sr. M. Cyril
260 _aChennai
_bOrient Longman
_c2005
300 _a58p.
_b23cm.
650 _aMoral Science
700 _4Auth
_aSoans, Freda
700 _4ed.
_aCyril, M. Sr.
850 _aLCBED
942 _cBK
999 _c39772
_d90251